000 00585cam a22002053a 4500
001 41524
003 PGUSA
005 20140828083934.0
008 121201s2012||||xxu|||||s|||||000 | eng d
040 _aPGUSA
_beng
042 _adc
100 1 _aComins, Elizabeth B.
245 1 0 _aMarion Berkley :
_bA Story for Girls
_h[electronic resource] /
_cElizabeth B. Comins
260 _bProject Gutenberg,
_c2012
506 _aPublic domain in the USA.
516 _aElectronic text
830 0 _aProject Gutenberg
_v41524
856 4 0 _uhttp://www.gutenberg.org/ebooks/41524
942 _cEB
999 _c270776
_d270776